000 00769cab a2200217 4500
001 WB3516-04
008 090401t1999 xxu||||| |||| 00| 0 eng d
035 _a(Sirsi) u93038
041 _aeng
245 _aIrish slowdown
260 _c1999
350 _a0
490 _aIrish Times
_v28 April 1999, 1(1)
520 _aJones Lang LaSalle Property Index puts overall returns at 6.8% for the first quarter of 1999 in the Irish commercial property market. It shows a gradual slowdown in growth as it is the most modest growth in any quarter since the start of 1998.
650 _aIRELAND
650 _aJONES LANG LASALLE
650 _aPROPERTY INDEXES
690 _aPROPERTY-COMMERCIAL PROPERTY-COMMERCIAL PROPERTY MARKET
942 _n0
948 _c28/04/1999
999 _c58967
_d58967